| 000 | 00837cam a2200265 a 4500 | ||
|---|---|---|---|
| 999 |
_c3479 _d3479 |
||
| 001 | 16989269 | ||
| 003 | OSt | ||
| 005 | 20211117071027.0 | ||
| 008 | 111004s2010 gr ab 000 0 greo | ||
| 010 | _a 2011475996 | ||
| 020 | _a9789606665387 | ||
| 040 |
_aDLC _cDLC |
||
| 042 | _apcc | ||
| 043 | _aa-cy--- | ||
| 050 | 0 | 0 |
_aCS142.P34 _b.P34 2010 |
| 100 | 1 | _aIōannou-Psillita, Panagiōta M. | |
| 245 | 1 | 0 |
_aPalaichōri : _bhistoria & politismos / _cPanagiōta Psillita Iōannou. |
| 260 |
_aAthēna : _bPlatypus, _cc2010. |
||
| 300 |
_aviii, 601 p. : _bill. (some col.), maps ; _c24 cm. |
||
| 651 | 0 |
_aPalekhori (Cyprus) _xGenealogy. |
|
| 651 | 0 |
_aPalekhori (Cyprus) _xHistory. |
|
| 906 |
_a7 _bcbc _corignew _d3 _encip _f20 _gy-gencatlg |
||
| 942 |
_2lcc _cBK _nDO |
||